Superficie des territoires français - Statistiques

Statistiques générales
  • Ce quiz a été pris 19 fois
  • Le résultat moyen est 5 sur 14
Statistiques - réponses
Hint Réponse % Correct
France continentale 550000 km²
83%
Mayotte 374 km²
50%
Guyane francaise 85000 km²
42%
Corse 8680 km²
42%
Nouvelle-Calédonie 18575 km²
33%
Saint-Pierre-et-Miquelon 242 km
33%
Terres australes et antarctiques francaises 440000 km²
33%
Martinique 1128 km²
25%
La Réunion 2512 km²
25%
Wallis et Futuna 264 km²
25%
Saint-Martin 88 km²
25%
Guadeloupe 1628 km²
17%
Polynésie francaise 4167 km²
17%
Saint-Barthélémy 21km²
0%
Aucun quiz correspondant
Distribution des résultats
% des personnes avec chaque résultat
Percentile par nombre de réponses
Votre historique - résultats
Vous n’avez pas pris ce quiz